ბათუმის შოთა რუსთაველის სახელმწიფო უნივერსიტეტის ბიბლიოთეკა

აგროქიმია : (ბიბ.ჩანაწერი № 44707)

000 -ლიდერი
ფიქსირებული სიგრძის საკონტროლო ველი 01192nam a2200253Ia 4500
001 - საკონტროლო ნომერი
საკონტროლო ველი 11512
003 - საკონტროლო ნომრის იდენტიფიკატორი
საკონტროლო ველი GE_BSU
005 - ბოლო ოპერაციის თარიღი და დრო
საკონტროლო ველი 20241209115219.0
008 - ფიქსირებული სიგრძის მონაცემთა ელემენტები - ზოგადი ინფორმაცია
ფიქსირებული სიგრძის საკონტროლო ველი 181216s1991||||ge |||||||||||||| ||geo||
040 ## - კატალოგიზაციის წყარო
Transcribing agency GE_BSU
041 ## - ენის კოდი
Language code of text/sound track or separate title geo
080 ## - უნივერსალური ათობითი კლასიფიკაციის ინდექსი
Universal Decimal Classification number 63:54(075.8)+631.8(075.8) ნ–12
100 ## - მთავარი ჩანაწერი - პიროვნების სახელი
Personal name ნაკაიძე, ი
9 (RLIN) 23909
245 ## - ცნობა სათაურის შესახებ
Title აგროქიმია :
Remainder of title სახელმძღვ.სას.სამ. ინ–ტის სტუდენტებისათვის /
Statement of responsibility, etc ი. ნაკაიძე, გ.აბესაძე, რედ. ლ. მესხი.
264 ## - წარმოების, გამოცემის, დისტრიბუციის და სხვა ცნობები
გამოცემის, წარმოების, დისტრიბუციის... ადგილი თბილისი :
გამოცემის, წარმოების, დისტრიბუციის... სახელწოდება განათლება,
გამოცემის, წარმოების, დისტრიბუციის... თარიღი 1991.
300 ## - ფიზიკური აღწერა
Extent 539 გვ;
Other physical details 22 სმ.
501 ## - შენიშვნა თანმხლებ მასალაზე
With note ილ;ცხრილები.
653 ## - INDEX TERM--UNCONTROLLED
Uncontrolled term აგროქიმია.
653 ## - INDEX TERM--UNCONTROLLED
Uncontrolled term მცენარის კვება. სასუქები. სასოფლო-სამეურნეო კულტურების განოყიერება.
653 ## - INDEX TERM--UNCONTROLLED
Uncontrolled term სოფლის მეურნეობა
700 ## - ADDED ENTRY--PERSONAL NAME
Personal name აბესაძე, გ
9 (RLIN) 1415
700 ## - ADDED ENTRY--PERSONAL NAME
Personal name მესხი, ლ
Relator term რედაქტორი
9 (RLIN) 4286
942 ## - ADDED ENTRY ELEMENTS (KOHA)
Koha item type წიგნი
Source of classification or shelving scheme
ეგზემპლარები
ჩამოწერის სტატუსი დაკარგული ეგზემპლარის სტატუსი კლასიფიკაციის წყარო ან თაროზე გაწყობის სქემა დაზიანების სტატუსი არ გაიცემა მუდმივი მდებარეობა (დაცვის ადგილი) ამჟამინდელი ადგილსამყოფელი თაროზე განთავსების ადგილი შეძენის თარიღი ღირებულება, შესყიდვის ნორმალური ფასი სრული შენახვის შიფრი შტრიხკოდი ბოლო ოპერაციის თარიღი ეგზემპლარის მიმდევრობითი ნომერი (კეტერი?) ფასის ძალაში შესვლის თარიღი ეგზემპლარის სახეობა საჯარო შენიშვნა
          აგრარული და მემბრანული ტექნოლოგიების ინსტიტუტის ბიბლიოთეკა აგრარული და მემბრანული ტექნოლოგიების ინსტიტუტის ბიბლიოთეკა წიგნსაცავი 2018-12-17 5.00 63:54(075.8)+631.8(075.8) ნ–12 20078 2018-12-17 20078 2018-12-17 წიგნი 5.00
          აგრარული და მემბრანული ტექნოლოგიების ინსტიტუტის ბიბლიოთეკა აგრარული და მემბრანული ტექნოლოგიების ინსტიტუტის ბიბლიოთეკა წიგნსაცავი 2024-12-09 5.00 63:54(075.8)+631.8(075.8) ნ–12 69942 2024-12-09 69942 2024-12-09 წიგნი 5.00
          აგრარული და მემბრანული ტექნოლოგიების ინსტიტუტის ბიბლიოთეკა აგრარული და მემბრანული ტექნოლოგიების ინსტიტუტის ბიბლიოთეკა წიგნსაცავი 2024-12-09 5.00 63:54(075.8)+631.8(075.8) ნ–12 69943 2024-12-09 69943 2024-12-09 წიგნი 5.00
          აგრარული და მემბრანული ტექნოლოგიების ინსტიტუტის ბიბლიოთეკა აგრარული და მემბრანული ტექნოლოგიების ინსტიტუტის ბიბლიოთეკა წიგნსაცავი 2024-12-09 5.00 63:54(075.8)+631.8(075.8) ნ–12 69944 2024-12-09 69944 2024-12-09 წიგნი 5.00
          აგრარული და მემბრანული ტექნოლოგიების ინსტიტუტის ბიბლიოთეკა აგრარული და მემბრანული ტექნოლოგიების ინსტიტუტის ბიბლიოთეკა წიგნსაცავი 2024-12-09 5.00 63:54(075.8)+631.8(075.8) ნ–12 69945 2024-12-09 69945 2024-12-09 წიგნი 5.00